000 00668nas a2200229 i 4500
001 591
003 ES-MaACL
005 20250815062529.0
008 950801d18229999fr | | 1 ||re d
080 _a06
245 0 0 _aBulletin de la Société de Géographie.
260 _aParis :
_bSociété de Géographie,
_c1822- (
_fMayet Motteroz)
300 _av ;
_c23 cm.
310 _aTrimestral
362 0 _aSerie 1ª, t. I (1822)-
650 1 7 _aGeografía
_2embne
_913070
650 4 _aInstituciones científicas y diversas
_913829
710 2 _aSociété de Géographie (France)
_9151678
852 _aES-MaACL
_jHem-147
866 0 _o1894-95.
999 _c591
_d591